| 000 | 00740nam a22002537a 4500 | ||
|---|---|---|---|
| 005 | 20170209143112.0 | ||
| 008 | 150727b xxu||||| |||| 00| 0 spa d | ||
| 041 | _aEspañol | ||
| 082 | _aGT 29 | ||
| 100 |
_aBarrantes Mendoza, Josué _938827 |
||
| 100 |
_aMartínez García, Gerardo _938828 |
||
| 100 |
_aMontero Méndez, Carol _938829 |
||
| 100 |
_aRivera Helena, Johanna _938830 |
||
| 100 |
_aVargas Rodríguez, Jennifer _938831 |
||
| 245 | _aMacrosistema del cantón de San Mateo de Alajuela | ||
| 260 | _c2007 | ||
| 300 | _a21 páginas | ||
| 502 | _a | ||
| 650 |
_aCANTÓN DE SAN MATEO DE ALAJUELA _938832 |
||
| 650 |
_aCOSTA RICA _938833 |
||
| 650 |
_aHISTORIA _943 |
||
| 650 |
_aATRACTIVOS TURÍSTICOS _95394 |
||
| 942 | _cGT | ||
| 999 |
_c6582 _d6582 |
||